Microsoft access inside & out / Mary Campbell (Registro nro. 12337)
[ vista simple ]
| 000 -LÍDER | |
|---|---|
| fixed length control field | 00512nam a2200157 4500 |
| 008 - ELEMENTOS DE LONGITUD FIJA -- INFORMACIÓN GENERAL | |
| fixed length control field | 0 1992 0a 000 0USA |
| 020 ## - NÚMERO INTERNACIONAL NORMALIZADO PARA LIBROS | |
| ISBN | 0-07-881818-4 |
| 050 ## - SIGNATURA TOPOGRAFICA DE LA BIBLIOTECA DEL CONGRESO (LC) | |
| Número de Clasificación | QA76 76I57 C189 |
| 082 ## - NUMERO DE CLASIFICACION DECIMAL DEWEY | |
| Número de Clasificación | 001.642.4 C127m |
| 100 ## - ASIENTO PRINCIPAL--NOMBRE PERSONAL | |
| Nombre personal | Campbell, Mary |
| 245 ## - TÍTULO | |
| Título | Microsoft access inside & out / Mary Campbell |
| 260 ## - PUBLICACIÓN, DISTRIBUCIÓN, ETC. (PIE DE IMPRENTA) | |
| Lugar de publicación, distribución, etc. | United States of America |
| 300 ## - DESCRIPCIÓN FÍSICA | |
| Extensión | xxvii, 707 p. / 23 cm. |
| 500 ## - NOTA GENERAL | |
| Nota general | Incluye ap‚ndice e índice |
| 650 ## - ASIENTO SECUNDARIO DE MATERIA - TERMINO TEMÁTICO | |
| Término temático o nombre geográfico como elemento de entrada | 1.PROGRAMAS Y SISTEMAS DE PROGRAMACIÓN INTEGRADOS \ 2.MICROSOFT WORS |
| No. biblioteca | No. biblioteca | Número de clasificación | Código de barras/Número de adquisición | Número de copia | Tipo de material |
|---|---|---|---|---|---|
| LUIS G. INCLAN | LUIS G. INCLAN | 001.642.4 C127m | 21016 | 1 | Libros |
| LUIS G. INCLAN | LUIS G. INCLAN | 001.642.4 C127m | 21017 | 2 | Libros |
| LUIS G. INCLAN | LUIS G. INCLAN | 001.642.4 C127m | 21018 | 3 | Libros |
